000 00813nam a2200253Ia 4500
003 OSt
005 20220923211000.0
006 a|||||r|||| 00| 0
007 ta
008 220922b |||||||| |||| 00| 0 hin d
020 _a8170162092 (hbk)
024 _a215,302
037 _cTextual
040 _aARTS
_cARTS
_bhin
041 _2hin
_ahin
082 _aO152,3N1511x, N4;P9
100 _aसाहनी, भीष्म
_9156290
245 0 _aदस प्रतिनिधि कहानियां
246 _aDas pratinidhi kahāniyāan
260 _aनई दिल्ली
_b किताबघर प्रकाशन
_c2009
300 _a139 पृ.
_ccm.
942 _hO152,3N1511x, N4;P9
_cTEXL
_2CC
999 _c293476
_d293476